Statistics for Treat People With Kindness - Harry Styles (All Lyrics)

Click here to take the quiz!

General Stats

  • This quiz has been taken 197 times
  • The average score is 208 of 255

Answer Stats

Answer% Correct
a
99%
kindness
99%
people
99%
treat
99%
with
99%
(and
98%
And
98%
and
98%
can
98%
I
98%
to
98%
we
98%
go
97%
find
96%
place
96%
feel
95%
good
95%
Maybe
94%
feeling
91%
All
88%
all
88%
got
88%
if
88%
in
88%
it
87%
just
86%
the
86%
on
81%
keep
78%
dancin'
76%
I'm
75%
takin'
75%
for
74%
my
74%
skin
73%
us
73%
sing
71%
song
71%
it's
69%
(it's
69%
we're
69%
enough
68%
long
68%
up
67%
dreamin'
66%
we'll
64%
friends
63%
here
63%
Here
63%
okay)
62%
okay
62%
don't
61%
away
60%
chances
60%
second
60%
deep
59%
need
59%
pass
59%
belong
58%
Giving
57%
they'll
57%
answers
56%
end
56%
our
56%
ever
55%
into
53%
want
53%
time
50%
day
49%
day)
49%
floating
49%
another
48%
is
47%
see
42%
now
41%
droppin'
40%
auto
37%
automatic
35%
yeah!
34%
of
32%
Hey!
27%
(ah-ah
19%
ah-ah)
19%
(ow)
17%

Score Distribution

Percentile by Number Answered

Percent of People with Each Score

Your Score History

You have not taken this quiz